Young adulthood : a summary of the Third Annual Conference on Major Transitions in the Human Life Cycle, sponsored by the Schweppe Research and Education Fund /

Bibliographic Details
Main Author: Scanlon, John, 1914-
Corporate Author: Conference on Major Transitions in the Human Life Course
Format: Conference Proceeding Book
Language:English
Published: New York : Academy for Educational Development, [1979]
Subjects:

MARC

Tag First Indicator Second Indicator Subfields
LEADER 00000cam a2200000 i 4500
001 in00000710366
005 20151016064954.0
008 150903s1979 nyu b 10010 eng
010 |a  79083873  
020 |a 0894920057 :  |c $5.00 
035 |a (OCoLC)05173452 
035 |9 ADE0092AM 
040 |a DLC  |c DLC  |d TXA  |d UtOrBLW 
043 |a n-us--- 
049 |a TXAM  |c [1160519] 
050 0 0 |a HQ799.7  |b .S23 
082 0 |a 301.43/15 
100 1 |a Scanlon, John,  |d 1914- 
245 1 0 |a Young adulthood :  |b a summary of the Third Annual Conference on Major Transitions in the Human Life Cycle, sponsored by the Schweppe Research and Education Fund /  |c by John Scanlon. 
264 1 |a New York :  |b Academy for Educational Development,  |c [1979] 
264 4 |c ©1979 
300 |a vi, 138 pages :  |b graphs ;  |c 23 cm. 
336 |a text  |b txt  |2 rdacontent 
337 |a unmediated  |b n  |2 rdamedia 
338 |a volume  |b nc  |2 rdacarrier 
504 |a Bibliography: pages 136-138. 
650 0 |a Young adults  |z United States  |x Congresses. 
711 2 |a Conference on Major Transitions in the Human Life Course  |d (1978 :  |c Aspen, Colo.) 
999 |a MARS 
999 f f |s 9e07ec9f-7f47-3db6-8bd3-ad1cbc292f0b  |i a64a38dd-41e0-3bb0-8a2b-8378b10543cc  |t 0 
952 f f |p ric  |a Texas A&M University  |b Rellis Campus  |c Joint Library Facility  |d Remote Storage  |t 0  |e HQ799.7 .S23  |h Library of Congress classification  |i unmediated -- volume  |m A14802971995 
998 f f |a HQ799.7 .S23  |t 0  |l Remote Storage